| 000 | 00619nam a2200217 a 4500 | ||
|---|---|---|---|
| 001 | 69674 | ||
| 003 | BD-RjUL | ||
| 005 | 20211209081920.0 | ||
| 008 | 170413r20041990enk b 001 0 eng | ||
| 035 | _a(BD-RjUL)69886 | ||
| 040 |
_aDLC _cTxU-Da _dBD-RjUL _beng |
||
| 041 | _aeng | ||
| 082 | 0 | 0 |
_a570.28 _223 _bBIO 2004 |
| 245 | 0 |
_aBiosensors : _ba practical approach / _cJonathan M. Cooper |
|
| 260 |
_aNew York : _bOxford University Press, _c1990, c2004 |
||
| 300 |
_a251 p. : _c23 cm. _bill. ; |
||
| 500 | _aIncludes index. | ||
| 650 |
_aBiosensors _9206379 |
||
| 700 |
_aCooper, Jonathan M. _9206380 |
||
| 942 |
_2ddc _cBK |
||
| 999 |
_c69674 _d69674 |
||